| 000 | 00710cam a2200241 a 4500 | ||
|---|---|---|---|
| 999 |
_c7417 _d7417 |
||
| 003 | OSt | ||
| 005 | 20211122162601.0 | ||
| 008 | 070531s1994 sp 001 0 mul | ||
| 020 | _a8487561519 | ||
| 020 | _a9788487561511 | ||
| 040 |
_bcat _cCDMR |
||
| 080 | _a070.41 | ||
| 080 | _a070:82 | ||
| 100 | 1 |
_aChillón, Albert _91934 |
|
| 245 | 1 | 3 |
_aLa literatura de fets : _bels nous periodismes i l'art del reportatge / _cAlbert Chillón |
| 260 |
_aBarcelona : _bLlibres de l'Índex, _c1994 |
||
| 300 |
_a323 p. ; _c20 cm |
||
| 490 | 0 |
_aQuaderns de comunicació ; _v1 |
|
| 650 | 0 | 7 | _aPeriodisme i literatura |
| 650 | 0 | 0 |
_aReportatges _93352 |
| 650 | 0 | 0 |
_aPeriodisme--Manuals d'estil _93772 |
| 942 |
_2udc _cMON |
||